Опыт применения гидрогеохимического метода поисков золоторудных месторождений в Сибири и Средней Азии; Западно-Сибирский филиал Горно-геологического общества СССР; Вып. 102

Bibliographic Details
Parent link:Западно-Сибирский филиал Горно-геологического общества СССР.— .— [Б. м.]: [Б. и.], 1974
Вып. 102.— 1974.— С. 115-122
Main Author: Шварцев С. Л. Степан Львович
Other Authors: Удодов П. А. Павел Афанасьевич, Шабынин Л. Л.
Summary:В фонде НТБ ТПУ отсутствует
Language:Russian
Published: 1974
Subjects:
Format: Book Chapter
KOHA link:https://koha.lib.tpu.ru/cgi-bin/koha/opac-detail.pl?biblionumber=595234

MARC

LEADER 00000naa0a2200000 4500
001 595234
005 20250227094941.0
035 |a (RuTPU)RU\TPU\tpu\15798 
090 |a 595234 
100 |a 20090212d1974 k y0rusy50 ca 
101 0 |a rus 
102 |a RU 
200 1 |a Опыт применения гидрогеохимического метода поисков золоторудных месторождений в Сибири и Средней Азии  |f С. Л. Шварцев, П. А. Удодов, Л. Л. Шабынин 
333 |a В фонде НТБ ТПУ отсутствует 
461 |t Западно-Сибирский филиал Горно-геологического общества СССР  |c [Б. м.]  |n [Б. и.]  |d 1974 
463 |t Вып. 102  |v С. 115-122  |d 1974 
610 1 |a труды учёных ТПУ 
700 1 |a Шварцев  |b С. Л.  |c российский гидрогеолог, доктор геолого-минералогических наук  |c профессор Томского политехнического университета, академик РАЕН  |f 1936-  |g Степан Львович  |3 (RuTPU)RU\TPU\pers\25914  |4 070 
701 1 |a Удодов  |b П. А.  |c российский ученый  |c геохимик  |c профессор Томского политехнического института  |f 1903-1981  |g Павел Афанасьевич  |3 (RuTPU)RU\TPU\pers\9241  |4 070 
701 1 |a Шабынин  |b Л. Л. 
801 1 |a RU  |b 63413507  |c 20090212  |g PSBO 
801 2 |a RU  |b 63413507  |c 20100414  |g PSBO 
942 |c CR